The battle for employment guarantee / (Record no. 54078)

MARC details
000 -LEADER
fixed length control field 01061nam a22003017a 4500
005 - DATE AND TIME OF LATEST TRANSACTION
control field 20110720113950.0
008 - FIXED-LENGTH DATA ELEMENTS--GENERAL INFORMATION
fixed length control field 110720t xxu||||| |||| 00| 0 eng d
010 ## - LCCN (DPL NO)
LC control number ENG-103057
020 ## - INTERNATIONAL STANDARD BOOK NUMBER
Terms of availability 595.00
International Standard Book Number 9780198070627
020 ## - INTERNATIONAL STANDARD BOOK NUMBER
Terms of availability 595.00
International Standard Book Number 0198070624
035 ## - SYSTEM CONTROL NUMBER
System control number EN-86590
037 ## - SOURCE OF ACQUISITION
Source of stock number/acquisition DBAD / PUB
040 ## - CATALOGING SOURCE
Original cataloging agency dpl
Language of cataloging English
082 ## - DEWEY DECIMAL CLASSIFICATION NUMBER
Classification number 331.12042
100 ## - MAIN ENTRY--PERSONAL NAME
9 (RLIN) 29710
245 ## - TITLE STATEMENT
Title The battle for employment guarantee /
Statement of responsibility, etc edited by Reetika Khera
260 ## - PUBLICATION, DISTRIBUTION, ETC. (IMPRINT)
Place of publication, distribution, etc New Delhi
Name of publisher, distributor, etc Oxford University Press
Date of publication, distribution, etc 2011
270 ## - ADDRESS
Address YMCA Library Building Jai Singh Road
City New Delhi
Postal code 110001
300 ## - PHYSICAL DESCRIPTION
Extent xix, 307 p.
Dimensions 22cm (Hb)
500 ## - GENERAL NOTE
General note Includes bibliographical references and index
546 ## - LANGUAGE NOTE
Language note Includes passages in Sanskrit and Tibetan .
Information code or alphabet (Tibetan in roman)
600 ## - SUBJECT ADDED ENTRY--PERSONAL NAME
9 (RLIN) 29721
650 ## - SUBJECT ADDED ENTRY--TOPICAL TERM
9 (RLIN) 29711
650 ## - SUBJECT ADDED ENTRY--TOPICAL TERM
9 (RLIN) 29719
700 ## - ADDED ENTRY--PERSONAL NAME
9 (RLIN) 29720
942 ## - ADDED ENTRY ELEMENTS (KOHA)
Source of classification or shelving scheme Dewey Decimal Classification
Item type English Books
Call number suffix BAT
Classification part 331.12042
Holdings
Withdrawn status Lost status Source of classification or shelving scheme Damaged status Not for loan Collection code Home library Current library Date acquired Source of acquisition Cost, normal purchase price Total Checkouts Full call number Barcode Date last seen Copy number Cost, replacement price Koha item type
    Dewey Decimal Classification   Not For Loan Non-fiction D.B.Act.Division D.B.Act.Division 20/07/2011 DBAD/PUB 595.00   331.12042BAT EN-86590 20/07/2011 1 595.00 English Books

© Delhi Public Library
Hit Counter
free hit counter